| 000 | 00850nas a2200313 4500 | ||
|---|---|---|---|
| 001 | BR2013009247 | ||
| 003 | BR-BrBNA | ||
| 005 | 20231205123236.0 | ||
| 007 | ta | ||
| 008 | 230509b bl.|||p| |||| 00| 00por d | ||
| 040 |
_aBR-BrBNA _bpor _cBiblioteca Nacional de Agricultura |
||
| 041 | _a(Pt) | ||
| 072 | _aL73 | ||
| 100 | 1 | _aRibas, C.R. | |
| 100 | 1 | _aFriesen, R. | |
| 100 | 1 | _aWerner, J. | |
| 100 | 1 | _aFarias, M.R. | |
| 100 | 1 | _aFrança, J.F. | |
| 100 | 1 | _aCapriglione, L.G.A. | |
| 245 | 1 | _aHemangiossarcoma cutâneo em um gato | |
| 650 | _aGATO | ||
| 650 | _aNEOPLASIA | ||
| 650 | _aBIÓPSIA | ||
| 650 | _aDIAGNÓSTICO | ||
| 650 | _aCITOLOGIA | ||
| 773 | 0 |
_tA Hora Veterinária (Brazil) _xISSN 0101-9163 _g(Nov-Dec 2012), v. 32(190) p. 56-58 _wBR2013009247 |
|
| 909 |
_a202311 _bLúcia _c55 _dLúcia Elande |
||
| 942 |
_2AGRIS _n0 _cANA |
||
| 999 |
_c232891 _d232891 |
||